Flughafencodes Europa #2 - Statistiken

Allgemein
  • Dieses Quiz wurde 97 mal gespielt
  • Das Durchschnittsergebnis liegt bei 12 aus 15
Antwortstatistiken
Hint Antwort % Korrekt
Barcelona BCN
97%
Brüssel BRU
97%
Wien VIE
97%
Dublin DUB
96%
Florenz FLR
96%
Helsinki HEL
96%
Oslo OSL
95%
Stuttgart STR
93%
Porto OPO
89%
Köln/Bonn CGN
88%
Paris CDG
76%
Moskau SVO
59%
Rom FCO
53%
St. Petersburg LED
31%
Sotchi AER
23%
Keine übereinstimmenden Quizze gefunden
Verteilung der Resultate
Anzahl Personen mit jedem Resultat
Perzentil nach korrekt beantworteten Fragen
Ihre Resultats-Entwicklung
Sie haben dieses Quiz noch nicht gespielt